The genius of the beast : (Record no. 57502)

MARC details
000 -LEADER
campo de control de longitud fija 02708cam a2200301 a 4500
003 - IDENTIFICADOR DE NÚMERO DE CONTROL
campo de control BJBSDDR
005 - FECHA Y HORA DE LA ÚLTIMA TRANSACCIÓN
campo de control 20230410121057.0
007 - CAMPO FIJO DE DESCRIPCIÓN FÍSICA--INFORMACIÓN GENERAL
campo de control de longitud fija ta
008 - DATOS DE LONGITUD FIJA--INFORMACIÓN GENERAL
campo de control de longitud fija 910223s2010 nyua b 100 0 eng
020 ## - NÚMERO INTERNACIONAL ESTÁNDAR DEL LIBRO
Número Internacional Estándar del Libro 9781591027546
020 ## - NÚMERO INTERNACIONAL ESTÁNDAR DEL LIBRO
Número Internacional Estándar del Libro 1591027543
035 ## - NÚMERO DE CONTROL DEL SISTEMA
Número de control de sistema 3437435
040 ## - FUENTE DE CATALOGACIÓN
Centro catalogador/agencia de origen DLC
Centro/agencia transcriptor DLC
Lengua de catalogación spa
041 ## - CÓDIGO DE IDIOMA
Código de lengua del texto/banda sonora o título independiente eng
043 ## - CÓDIGO DE ÁREA GEOGRÁFICA
Código de área geográfica cl-----
050 14 - SIGNATURA TOPOGRÁFICA DE LA BIBLIOTECA DEL CONGRESO
Número de clasificación HB 501
Número de ítem B655g 2010
082 00 - NÚMERO DE LA CLASIFICACIÓN DECIMAL DEWEY
Número de clasificación 330.12/2
100 1# - ENTRADA PRINCIPAL--NOMBRE DE PERSONA
Nombre de persona Bloom, Howard,
Fechas asociadas al nombre 1943-
245 14 - MENCIÓN DEL TÍTULO
Título The genius of the beast :
Resto del título a radical re-vision of capitalism /
Mención de responsabilidad, etc. Howard Bloom.
260 ## - PUBLICACIÓN, DISTRIBUCIÓN, ETC.
Lugar de publicación, distribución, etc. Amherst N.Y. :
Nombre del editor, distribuidor, etc. Prometheus Books,
Fecha de publicación, distribución, etc. 2010
300 ## - DESCRIPCIÓN FÍSICA
Extensión 607 p. ;
Dimensiones 24 cm.
505 ## - NOTA DE CONTENIDO CON FORMATO
Nota de contenido con formato The mystery of manic-depressive economies -- The birds and the bees of boom and crash -- How passions power the evolutionary search engine -- Truth in the corridors of power -- The greatest hits of history... and how they got to be that way -- The infrastructure of fantasy -- Jacking up the symbol stack -- The transcendence engine -- Emopower: the lift of generous selfishness -- An extra twenty years of life? -- Is gossip good for your health? -- The rocket fuel of empathy.
520 ## - RESUMEN, ETC.
Sumario, etc. "Is global capitalism on its last legs? Is the era of America leadership over? Has the West begun a decline into a new Dark Age? Does American civilization deserve to survive? These are the unnerving questions raised by the Great Crash of 2009." "Howard Bloom has a radically new answer. In The Genius of the Beast, the author of the acclaimed books The Lucifer Principle and Global Brain insists that Western civilization has only begun to realize its full potential. Bloom argues that there's a hidden mandate beneath the surface of capitalism: "It's struggling to whisper and rumble its message to you and me. That hidden imperative can lift us from economic crisis, can make us a leader in the next-generation economy, and can dramatically upgrade our ability to empower our fellow human beings. "Bloom sees crisis as opportunity, opportunity for the whole human race." "The Genius of the Beast takes the reader on a sweeping tour of human history, from the Stone Age to the present. Every chapter conveys a radically new way to see the astonishing mechanism we call Western civilization. Bloom marvels at how humans have turned toxic waste into food and fuel, trash into treasure, and garbage into gold. He shows how we've produced material miracles based on immaterial things - passion, persistence, and fantasy. Bloom shows that what many regard as the end is just the beginning."--BOOK JACKET.
650 #4 - PUNTO DE ACCESO ADICIONAL DE MATERIA--TÉRMINO DE MATERIA
Término de materia o nombre geográfico como elemento de entrada Capitalismo
Subdivisión general Aspectos sociales.
9 (RLIN) 1790
650 #4 - PUNTO DE ACCESO ADICIONAL DE MATERIA--TÉRMINO DE MATERIA
Término de materia o nombre geográfico como elemento de entrada Historia económica
9 (RLIN) 28
650 #4 - PUNTO DE ACCESO ADICIONAL DE MATERIA--TÉRMINO DE MATERIA
Término de materia o nombre geográfico como elemento de entrada Consumo (Economía)
Subdivisión general Aspectos sociales
9 (RLIN) 18604
942 ## - ELEMENTOS DE ENTRADA SECUNDARIOS (KOHA)
Fuente del sistema de clasificación o colocación Clasificación de Library of Congress
Tipo de ítem Koha Libro
Holdings
Estatus retirado Estado de pérdida Estado de daño No para préstamo Colección Biblioteca de origen Biblioteca actual Ubicación en estantería Fecha de adquisición Signatura topográfica completa Código de barras Visto por última vez Copia número Tipo de ítem Koha
        Ciencias Sociales Biblioteca Juan Bosch Biblioteca Juan Bosch Ciencias Sociales (3er. Piso) 20/10/2021 HB 501 B655g 2010 00000076208 20/10/2021 1 Libro